Vplyv demografického starnutia na vývoj systémov sociálnej ochrany v podmienkach Európskej únie

Dopady starnutia populácie na financovanie výdavkov na zdravie. Multiplikačný koeficient pre sadzbu príspevkov pre prípad choroby roku 2045 kompenzujúci efekt starnutia v období rokov 1995-2045. Dopad starnutia na penzijné systémy.

Salvato in:
Dettagli Bibliografici
Autore principale: Dudová, Iveta
Natura: Capitolo di libro
Lingua:slovacco
Soggetti:
Tags: Aggiungi Tag
Nessun Tag, puoi essere il primo ad aggiungerne!!

MARC

LEADER 00000naa$a2200000$$$4500
001 0014471
005 20240502071400.1
041 0 |a slo 
044 |a SK 
245 1 0 |a Vplyv demografického starnutia na vývoj systémov sociálnej ochrany v podmienkach Európskej únie  |c aut. Iveta Dudová 
520 |a Dopady starnutia populácie na financovanie výdavkov na zdravie. Multiplikačný koeficient pre sadzbu príspevkov pre prípad choroby roku 2045 kompenzujúci efekt starnutia v období rokov 1995-2045. Dopad starnutia na penzijné systémy. 
610 2 0 |a starostlivosť zdravotná 
610 2 0 |a vývoj populačný 
610 2 0 |a ochrana sociálna 
610 2 0 |a služby starostlivosti sociálnej 
610 2 0 |a dôchodky starobné 
610 2 0 |a dávky poistenia nemocenského 
610 2 0 |a vek postproduktívny 
610 2 0 |a Európska únia 
610 2 0 |a výdavky obyvateľstva 
610 2 0 |a seniori 
100 1 |a Dudová, Iveta